[Event "MDA-ch (Women)"]
[Site "Kishinev"]
[Date "2024.02.03"]
[Round "1"]
[White "Laricov, Vlada"]
[Black "Dulteva, Anastasia"]
[Result "0-1"]
[WhiteElo "1267"]
[BlackElo "1656"]
[PlyCount "88"]
[EventDate "2024.02.03"]
[EventType "swiss"]
[EventRounds "7"]
[EventCountry "MDA"]
[SourceTitle "CB07_2024"]
[SourceDate "2024.02.14"]
[SourceVersion "1"]
[SourceVersionDate "2024.02.14"]
[SourceQuality "1"]

1. g3 d5 2. d4 Nf6 3. Bg2 e6 4. Nf3 c5 5. c4 Nc6 6. e3 Be7 7. 0-0 0-0 8. Nc3 dxc4 9. Qe2 cxd4 10. exd4 Nxd4 11. Qxc4 Nxf3+ 12. Bxf3 Qb6 13. Be3 Qb4 14. Qxb4 Bxb4 15. Nb5 Bd7 16. Nxa7 Nd5 17. Bxd5 exd5 18. a4 Rfe8 19. Nb5 Bxb5 20. axb5 h6 21. Rfd1 Rad8 22. Ra4 Bf8 23. b6 g5 24. Ra5 Re5 25. Bd4 Re6 26. Rc1 Bg7 27. Bxg7 Kxg7 28. Rb5 d4 29. Kf1 Rdd6 30. Rd1 Rxb6 31. Rxb6 Rxb6 32. Rxd4 Rxb2 33. h4 b5 34. hxg5 hxg5 35. Ke1 Kg6 36. Rd5 f6 37. Rc5 b4 38. Rc4 Kf5 39. Rc5+ Ke4 40. Rc8 b3 41. Re8+ Kf5 42. Re3 Kg4 43. Re4+ Kh3 44. Re6 Rc2 0-1

[Event "Wch U16 Girls"]
[Site "Montesilvano"]
[Date "2023.11.24"]
[Round "11"]
[White "Field, Rowan Soraya"]
[Black "Dulteva, Anastasia"]
[Result "0-1"]
[WhiteElo "1810"]
[BlackElo "1498"]
[PlyCount "110"]
[EventDate "2023.11.13"]
[EventType "swiss"]
[EventRounds "11"]
[EventCountry "ITA"]
[SourceTitle "CB48_2023"]
[SourceDate "2023.11.29"]
[SourceVersion "1"]
[SourceVersionDate "2023.11.29"]
[SourceQuality "1"]

1. e4 e5 2. Nf3 Nc6 3. Bb5 a6 4. Ba4 Nf6 5. 0-0 Be7 6. Re1 b5 7. Bb3 d6 8. c3 0-0 9. h3 Na5 10. Bc2 c5 11. d4 Nd7 12. a4 Rb8 13. axb5 axb5 14. b3 exd4 15. cxd4 Nc6 16. Nc3 cxd4 17. Nxd4 Nxd4 18. Qxd4 Bf6 19. Qe3 b4 20. e5 Bxe5 21. Nd5 Bxa1 22. Qd3 g6 23. Ne7+ Kh8 24. Bg5 Bf6 25. Bxf6+ Nxf6 26. Nc6 Qc7 27. Nxb8 Qxb8 28. Qd4 Kg7 29. g4 h6 30. f4 Qb5 31. Qxd6 Qd5 32. Qxd5 Nxd5 33. Re4 Be6 34. Bd3 Rb8 35. Bc4 Nc3 36. Rd4 Bxc4 37. Rxc4 Rb7 38. Kf2 Kf6 39. Ke3 Ke6 40. Kd4 Kd6 41. f5 Nd5 42. fxg6 fxg6 43. Rc8 Nf4 44. Rh8 Nxh3 45. Rxh6 Nf4 46. Rh8 Ne6+ 47. Kc4 Ke5 48. Rg8 Kf6 49. Ra8 Kg5 50. Ra6 Nf4 51. Kc5 Kxg4 52. Kc6 Rb8 53. Kc7 Re8 54. Kd7 Re4 55. Rb6 g5 0-1

[Event "MDA-ch (Women)"]
[Site "Kishinev"]
[Date "2023.02.11"]
[Round "8"]
[White "Bitca, Emilia"]
[Black "Dulteva, Anastasia"]
[Result "0-1"]
[WhiteElo "1481"]
[BlackElo "1485"]
[PlyCount "120"]
[EventDate "2023.02.04"]
[EventType "match"]
[EventRounds "9"]
[EventCountry "MDA"]
[SourceTitle "CBM 212 Extra"]
[Source "ChessBase"]
[SourceDate "2023.03.31"]
[SourceVersion "1"]
[SourceVersionDate "2023.03.31"]
[SourceQuality "1"]

1. e4 e5 2. Nf3 Nc6 3. Bb5 a6 4. Ba4 Nf6 5. 0-0 Be7 6. Re1 b5 7. Bb3 d6 8. c3 0-0 9. h3 Na5 10. Bc2 c5 11. d4 Nd7 12. Nbd2 cxd4 13. cxd4 Nc6 14. Nf1 exd4 15. Nxd4 Nxd4 16. Qxd4 Ne5 17. Rb1 Bf6 18. Qd1 Bb7 19. Ne3 g6 20. Nd5 Bg7 21. b3 Bxd5 22. Qxd5 Rc8 23. Qd1 Qa5 24. Bb2 Qxa2 25. Qd2 b4 26. Rec1 Nf3+ 27. gxf3 Bxb2 28. Bd1 Rxc1 29. Rxc1 Qa3 30. Rc2 Bc3 31. Qxd6 Qxb3 32. Kg2 a5 33. Rd2 Qb1 34. Rd5 Qa2 35. Qa6 b3 36. Qc4 Be1 37. Qxb3 Qxf2+ 38. Kh1 Qh4 39. Qc2 Qxh3+ 40. Qh2 Qxh2+ 41. Kxh2 Rb8 42. Kh3 h5 43. Rd4 Kg7 44. f4 Rb4 45. Rxb4 axb4 46. f5 Kf6 47. Kg2 Ke5 48. Bb3 Kf6 49. Bd1 h4 50. Bb3 g5 51. Kh3 Bd2 52. Kg4 Bf4 53. Bc4 Ke7 54. Kh3 f6 55. Kg4 Kd6 56. Bb3 Kc5 57. Kh3 Kd4 58. Bd5 Kc3 59. Kg4 b3 60. Bxb3 Kxb3 0-1

[Event "MDA-ch (Women)"]
[Site "Kishinev"]
[Date "2023.02.06"]
[Round "3"]
[White "Dulteva, Anastasia"]
[Black "Chendighilean, Anna"]
[Result "0-1"]
[WhiteElo "1485"]
[BlackElo "1462"]
[PlyCount "96"]
[EventDate "2023.02.04"]
[EventType "match"]
[EventRounds "9"]
[EventCountry "MDA"]
[SourceTitle "CBM 212 Extra"]
[Source "ChessBase"]
[SourceDate "2023.03.31"]
[SourceVersion "1"]
[SourceVersionDate "2023.03.31"]
[SourceQuality "1"]

1. e4 c6 2. d4 d5 3. Nc3 dxe4 4. Nxe4 Bf5 5. Ng3 Bg6 6. h4 h6 7. Nf3 Nd7 8. h5 Bh7 9. Bd3 Bxd3 10. Qxd3 Ngf6 11. Bd2 e6 12. 0-0-0 Be7 13. Ne4 Nxe4 14. Qxe4 Nf6 15. Qd3 0-0 16. Kb1 c5 17. Be3 Rc8 18. dxc5 Qxd3 19. Rxd3 Bxc5 20. Ne5 Bxe3 21. Rxe3 Rfd8 22. Nd3 Rd5 23. Reh3 e5 24. f3 e4 25. fxe4 Nxe4 26. b3 Rg5 27. Re1 Nc3+ 28. Kb2 Rxg2 29. Nf4 Rf2 30. Rxc3 Rxc3 31. Kxc3 Rxf4 32. Re8+ Kh7 33. Re7 b5 34. Rxa7 g5 35. hxg6+ Kxg6 36. Rb7 Rf5 37. Kb4 h5 38. c4 bxc4 39. bxc4 h4 40. c5 h3 41. c6 h2 42. c7 h1Q 43. c8Q Qb1+ 44. Ka4 Qxa2+ 45. Kb4 Qb2+ 46. Ka4 Rf4+ 47. Ka5 Qa3+ 48. Kb5 Rb4+ 0-1

[Event "MDA-ch (Women)"]
[Site "Kishinev"]
[Date "2023.02.04"]
[Round "1"]
[White "Dulteva, Anastasia"]
[Black "Dabija, Paula"]
[Result "1/2-1/2"]
[WhiteElo "1485"]
[BlackElo "1271"]
[PlyCount "82"]
[EventDate "2023.02.04"]
[EventType "match"]
[EventRounds "9"]
[EventCountry "MDA"]
[SourceTitle "CBM 212 Extra"]
[Source "ChessBase"]
[SourceDate "2023.03.31"]
[SourceVersion "1"]
[SourceVersionDate "2023.03.31"]
[SourceQuality "1"]

1. e4 e5 2. Nf3 Nc6 3. Bb5 a6 4. Ba4 Nge7 5. c3 g6 6. d4 exd4 7. cxd4 b5 8. Bc2 d5 9. exd5 Nxd5 10. 0-0 Bg7 11. Bg5 Nde7 12. Re1 0-0 13. Be4 f6 14. Be3 Bb7 15. Nc3 Kh8 16. Qd2 Na5 17. Bxb7 Nxb7 18. Bh6 Nd6 19. Bxg7+ Kxg7 20. b3 Ndf5 21. Ne4 Kh8 22. Nc5 Ng7 23. Rac1 Nef5 24. Qc3 Qd5 25. Nd3 Ne6 26. Nb4 Qd6 27. Nc6 Nd8 28. Red1 Ne6 29. Qb4 Qxb4 30. Nxb4 Rfd8 31. d5 Nf4 32. Rxc7 a5 33. Nc2 Rxd5 34. Rxd5 Nxd5 35. Rc5 Nf4 36. g3 Ne2+ 37. Kf1 Nc1 38. Rxb5 Nxa2 39. Ncd4 Nxd4 40. Nxd4 a4 41. bxa4 Rxa4 1/2-1/2

[Event "MDA-ch (Women)"]
[Site "Kishinev"]
[Date "2022.02.25"]
[Round "7"]
[White "Golubas, Ecaterina"]
[Black "Dulteva, Anastasia"]
[Result "0-1"]
[WhiteElo "1169"]
[BlackElo "1364"]
[PlyCount "72"]
[EventDate "2022.02.19"]
[EventType "swiss"]
[EventRounds "7"]
[EventCountry "MDA"]
[SourceTitle "CBM 207 Extra"]
[Source "ChessBase"]
[SourceDate "2022.05.31"]
[SourceVersion "1"]
[SourceVersionDate "2022.05.31"]
[SourceQuality "1"]

1. d4 Nf6 2. Bf4 g6 3. Nf3 Bg7 4. e3 d6 5. Bd3 0-0 6. 0-0 Nbd7 7. Nbd2 c5 8. c3 Nh5 9. Bg3 Nxg3 10. fxg3 Qb6 11. Qe2 Bh6 12. Nc4 Qc7 13. Qf2 a6 14. Kh1 b5 15. Na3 Nf6 16. h3 Bb7 17. Qe2 Ne4 18. Bxe4 Bxe4 19. Nd2 Bb7 20. Nf3 Rac8 21. Rad1 b4 22. cxb4 cxb4 23. Nb1 Qc2 24. Rd2 Qe4 25. Rd3 Bc6 26. Nbd2 Qe6 27. d5 Bxd5 28. Ra1 Bc6 29. Rb3 a5 30. Nd4 Qxh3+ 31. Kg1 Qxg3 32. Nxc6 Rxc6 33. Nc4 Rfc8 34. Nxa5 Rc1+ 35. Qf1 Rxf1+ 36. Rxf1 Rc2 0-1

[Event "MDA-ch (Women)"]
[Site "Kishinev"]
[Date "2022.02.22"]
[Round "4"]
[White "Dulteva, Anastasia"]
[Black "Grebeniuc, Alexandra"]
[Result "1-0"]
[WhiteElo "1364"]
[BlackElo "1386"]
[PlyCount "71"]
[EventDate "2022.02.19"]
[EventType "swiss"]
[EventRounds "7"]
[EventCountry "MDA"]
[SourceTitle "CBM 207 Extra"]
[Source "ChessBase"]
[SourceDate "2022.05.31"]
[SourceVersion "1"]
[SourceVersionDate "2022.05.31"]
[SourceQuality "1"]

1. e4 e5 2. Nf3 Nf6 3. Nxe5 d6 4. Nf3 Nxe4 5. d4 d5 6. Bd3 Bf5 7. 0-0 Be7 8. Qe2 0-0 9. Nbd2 Nxd2 10. Bxd2 Bxd3 11. Qxd3 c6 12. Rfe1 Nd7 13. Qb3 Nb6 14. Re2 Bd6 15. Rae1 Qd7 16. Bb4 Bxb4 17. Qxb4 Nc8 18. Ne5 Qc7 19. Nd3 g6 20. Re8 Qd6 21. Qxb7 Rb8 22. Qa6 Qd7 23. Rxf8+ Kxf8 24. Ne5 Qe6 25. Qa3+ Kg7 26. Qc3 Rb6 27. Nc4 Qxe1+ 28. Qxe1 dxc4 29. Qe5+ Kh6 30. Qe8 Rxb2 31. Qf8+ Kg5 32. h4+ Kf6 33. Qxc8 Rxc2 34. Qxc6+ Kg7 35. d5 Rxa2 36. Qxc4 1-0

[Event "MDA-ch (Women)"]
[Site "Kishinev"]
[Date "2022.02.21"]
[Round "3"]
[White "Cazacu, Raluca Cristiana"]
[Black "Dulteva, Anastasia"]
[Result "0-1"]
[WhiteElo "1211"]
[BlackElo "1364"]
[PlyCount "62"]
[EventDate "2022.02.19"]
[EventType "swiss"]
[EventRounds "7"]
[EventCountry "MDA"]
[SourceTitle "CBM 207 Extra"]
[Source "ChessBase"]
[SourceDate "2022.05.31"]
[SourceVersion "1"]
[SourceVersionDate "2022.05.31"]
[SourceQuality "1"]

1. e4 e5 2. Nf3 Nc6 3. Bb5 a6 4. Ba4 Nf6 5. 0-0 b5 6. Bb3 Be7 7. Re1 d6 8. c3 0-0 9. h3 Bb7 10. d4 Nd7 11. Nbd2 Bf6 12. Nf1 exd4 13. cxd4 Na5 14. Bc2 Re8 15. Ng3 c5 16. Rb1 Qc7 17. dxc5 dxc5 18. b3 Rad8 19. Qe2 Nc6 20. Nf5 Nb4 21. a3 Nxc2 22. Qxc2 Ne5 23. Nh2 Nd3 24. Re3 Bxe4 25. Ng3 Bg6 26. Qe2 Rxe3 27. Bxe3 Nxf2 28. Qxf2 Bxb1 29. Bxc5 Qxc5 30. Qxc5 Bd4+ 31. Qxd4 Rxd4 0-1

[Event "MDA-ch (Women)"]
[Site "Kishinev"]
[Date "2022.02.20"]
[Round "2"]
[White "Dulteva, Anastasia"]
[Black "Tuktamisova, Diana"]
[Result "1/2-1/2"]
[WhiteElo "1364"]
[BlackElo "1615"]
[PlyCount "105"]
[EventDate "2022.02.19"]
[EventType "swiss"]
[EventRounds "7"]
[EventCountry "MDA"]
[SourceTitle "CBM 207 Extra"]
[Source "ChessBase"]
[SourceDate "2022.05.31"]
[SourceVersion "1"]
[SourceVersionDate "2022.05.31"]
[SourceQuality "1"]

1. e4 c5 2. Nf3 d6 3. d4 cxd4 4. Nxd4 Nf6 5. Nc3 a6 6. Be2 e5 7. Nb3 Be6 8. 0-0 d5 9. exd5 Nxd5 10. Nxd5 Qxd5 11. Be3 Nc6 12. Qxd5 Bxd5 13. Rfd1 Be6 14. Nc5 Bxc5 15. Bxc5 f6 16. Rd6 Kf7 17. Bf3 Rad8 18. Rad1 Rxd6 19. Rxd6 Rd8 20. Rxd8 Nxd8 21. a3 Bf5 22. c3 e4 23. Bd1 Be6 24. f3 Bd5 25. fxe4 Bxe4 26. a4 Nc6 27. b4 Ne5 28. Bb3+ Ke8 29. Bd6 Kd7 30. Bf8 g5 31. c4 Bd3 32. c5 Bc4 33. Bd1 Ke6 34. g3 Nc6 35. Bf3 Bd5 36. Bxd5+ Kxd5 37. b5 axb5 38. axb5 Nd4 39. c6 bxc6 40. b6 Nf3+ 41. Kg2 Ne5 42. b7 Nd7 43. Be7 c5 44. Bxf6 g4 45. h3 gxh3+ 46. Kxh3 Kc6 47. Kh4 Kxb7 48. Bg7 Kc6 49. Kg5 Kd5 50. Kh6 Ne5 51. Bf8 c4 52. Bb4 Kd4 53. Kxh7 1/2-1/2

[Event "MDA-ch (Women)"]
[Site "Kishinev"]
[Date "2022.02.19"]
[Round "1"]
[White "Bargan, Victoria"]
[Black "Dulteva, Anastasia"]
[Result "1-0"]
[WhiteElo "1706"]
[BlackElo "1364"]
[PlyCount "77"]
[EventDate "2022.02.19"]
[EventType "swiss"]
[EventRounds "7"]
[EventCountry "MDA"]
[SourceTitle "CBM 207 Extra"]
[Source "ChessBase"]
[SourceDate "2022.05.31"]
[SourceVersion "1"]
[SourceVersionDate "2022.05.31"]
[SourceQuality "1"]

1. d4 Nf6 2. c4 g6 3. Nc3 Bg7 4. e4 d6 5. Be2 0-0 6. Nf3 e5 7. 0-0 Nc6 8. d5 Ne7 9. Ne1 Nd7 10. Be3 f5 11. f3 f4 12. Bf2 g5 13. b4 h5 14. c5 Nf6 15. Rc1 Ng6 16. cxd6 cxd6 17. Nb5 Rf7 18. Qc2 b6 19. Nc7 Rb8 20. Nd3 g4 21. b5 Bd7 22. Ne6 Qe8 23. Nb4 Bxb5 24. Bxb5 Qxb5 25. Nc6 Re8 26. Qb3 Qa6 27. Rc4 b5 28. Rb4 Rb7 29. Rc1 h4 30. Kh1 g3 31. Bg1 Rc8 32. Qb2 Nf8 33. Nxf8 Kxf8 34. a4 Rbc7 35. axb5 Qb7 36. h3 Nd7 37. Qa3 Nb6 38. Ra1 Ra8 39. Rb3 1-0